James the Dirty Tooth - Taskmaster - Statistics

General Stats
  • This quiz has been taken 5 times
  • The average score is 66 of 99
Answer Stats
Answer % Correct
dirty
100%
dirty
100%
dirty
100%
I
100%
I
100%
I
100%
James,
100%
James
100%
James,
100%
James
100%
James,
100%
James
100%
James
100%
James
100%
the
100%
the
100%
the
100%
the
100%
to
100%
tooth
100%
tooth
100%
tooth
100%
tooth
100%
and
67%
and
67%
and
67%
anyway
67%
best
67%
Brush
67%
brush
67%
Brush
67%
brush
67%
But
67%
but
67%
decay
67%
dentist
67%
doesn't
67%
don't
67%
don't
67%
don't
67%
don't
67%
feets
67%
for
67%
forgotten
67%
friends
67%
Gave
67%
Go
67%
He's
67%
him
67%
him,
67%
him
67%
him
67%
him,
67%
him
67%
him
67%
His
67%
His
67%
In
67%
like
67%
like
67%
like
67%
like
67%
like
67%
long
67%
love
67%
love
67%
love
67%
of
67%
plaque,
67%
puppies
67%
rotten
67%
spite
67%
sweets
67%
this
67%
toothbrush
67%
We're
67%
Yeah
67%
bad
33%
breath
33%
brittle
33%
Candy,
33%
cause
33%
crisps
33%
Gingivitis,
33%
hat
33%
hygeine
33%
Kittens,
33%
likes
33%
looking
33%
nobody
33%
Oral
33%
orange
33%
parents
33%
roots
33%
stinks
33%
That's
33%
That's
33%
bunnies
0%
foxes
0%
No matching quizzes found
Score Distribution
Percent of People with Each Score
Percentile by Number Answered
Your Score History
You have not taken this quiz